Big 4 Sports Per Letter Quiz Stats

 Plays Quiz Updated Sep 19, 2017

Score 0/22 Timer 01:00
9 Plays Today
Letter Team % Correct
BBuffalo Bills, Cleveland Browns...
94.6%
CIndianapolis Colts, Kansas City Chiefs...
91.9%
AColorado Avalanche, Oakland A's...
84.6%
RBaltimore Ravens, Washington Redskins...
73.1%
PNew England Patriots, Green Bay Packers...
69.5%
JNew York Jets, Jacksonville Jaguars...
67.4%
DMiami Dolphins, New Jersey Devils...
65.7%
LDetroit Lions, Tampa Bay Lightning...
62.1%
FAtlanta Falcons, Philadelphia Flyers...
60.8%
SPittsburgh Steelers, New Orleans Saints...
60.6%
THouston Texans, Tennessee Titans...
58.9%
Letter Team % Correct
EPhiladelphia Eagles
56.4%
MToronto Maple Leafs, Seattle Mariners...
55.3%
GNew York Giants, San Francisco Giants...
53.7%
KNew York Knicks, Sacramento Kings...
49.2%
HCarolina Hurricanes, Atlanta Hawks...
48.3%
WMinnesota Wild, Chicago White Sox...
46.7%
YNew York Yankees
46.6%
OEdmonton Oilers, Baltimore Orioles
46.1%
INew York Islanders, Cleveland Indians
44.6%
NWashington Nationals, Brooklyn Nets...
43.3%
VMinnesota Vikings
32.3%

You're not logged in!

Compare scores with friends on all Sporcle quizzes.
OR
Log In

Sporcle TV

Today on Sporcle TV


Watch our educational content, quiz creation guides, and fun videos on Sporcle TV.

Show Comments

Extras

Top Quizzes Today


Score Distribution

Your Account Isn't Verified!

In order to create a playlist on Sporcle, you need to verify the email address you used during registration. Go to your Sporcle Settings to finish the process.

Report this User

Report this user for behavior that violates our Community Guidelines.

Details: